00394cam a2200169ua 45000010005000000080039000050200018000440400009000620410008000710820009000791000024000882450044001122500009001562600029001653000010001946530020002048755150213n xxk |||gr||||Z||||||eng a9780099573685 cMAIN aeng a823N aTwain, M.,eAuthor.1 aAdventures of Tom SawyercBy Mark Twain a1st. aLondon:bVintage,c2012. a350p. aEnglish fiction